Miasta w województwie opolskim - nagła śmierć - Statystyki

Ogólne statystyki
  • Ten quiz został rozwiązany 274 razy
  • Średni wynik to 10 z 20
Answers on the Grid
Answers color-coded by a green-red scale on the quiz's grid according to % correct below.
Bielsko-Biała
Bierutów
Brzeg
Bytów
Częstochowa
Dzierżoniów
Głubczyce
Głuchołazy
Gogolin
Grodków
Jelcz-Laskowice
Kalisz
Kędzierzyn-Koźle
Kępno
Kłodzko
Kluczbork
Kostrzyn nad Odrą
Krapkowice
Krzepice
Lubliniec
Mała Panew
Namysłów
Nysa
Oława
Olesno
Opole
Osobłoga
Otmuchów
Ozimek
Paczków
Płock
Praszka
Prudnik
Racibórz
Rybnik
Sanok
Stronie Śląskie
Strzelce Opolskie
Strzelin
Świdwin
Syców
Szczekociny
Tarnów
Toszek
Wieluń
Wieruszów
Włoszczowa
Zawadzkie
Zdzieszowice
Ziębice
 
Statystyki odpowiedzi
Odpowiedź % Poprawnych
Opole
79%
Brzeg
73%
Kędzierzyn-Koźle
71%
Nysa
67%
Kluczbork
62%
Głuchołazy
61%
Głubczyce
60%
Strzelce Opolskie
56%
Krapkowice
55%
Namysłów
54%
Prudnik
49%
Gogolin
46%
Otmuchów
40%
Olesno
38%
Ozimek
38%
Paczków
38%
Grodków
37%
Zdzieszowice
35%
Praszka
34%
Zawadzkie
29%
Nie znaleziono quizów pasujących do podanych kryteriów
Rozkład punktacji
Procent ludzi z każdym wynikiem
Percentyl według liczby udzielonych odpowiedzi
Twoja historia wyników
Nie rozwiązałeś tego quizu